000 00645cam a22001815a 4500
001 L156020
008 120425s1825 xxk f 000 0 eng d
035 _a(Sirsi) u156020
041 0 _aeng
100 1 _aGregory, Olinthus Gilbert
_d1774-1841
245 0 0 _aMathematics for practical men
_bbeing a common-place book of principles, theorems, rules, and tables ...
260 _aLondon
_bPrinted for Baldwin, Cradock, and Joy
_c1825
300 _axii, 411 p., 3 folded leaves of plates
_bill.
_c24 cm.
583 _aCondition reviewed
_c20120620
_lcondition level 4
651 4 _aGreat Britain
_y1707-
690 _aMeasurement
_96256
942 _n0
999 _c113985
_d113985